000 00340nam a2200133Ia 4500
008 231129s9999||||xx |||||||||||||| ||spa||
020 _a84-206-6201-1
040 _bspa
082 _aR 780.22 M623a
100 _aMichels Ulrich
245 0 _aAtlas de musica 1
264 _aAlianza
942 _2ddc
_cBKS
999 _c5816
_d5816